An introduction to quantum computing

Αποθηκεύτηκε σε:
Λεπτομέρειες βιβλιογραφικής εγγραφής
Κύριος συγγραφέας: Kaye, Phillip
Άλλοι συγγραφείς: Laflamme, Raymond, Mosca, Michele
Μορφή: Βιβλίο
Γλώσσα:English
Δημοσίευση: Oxford : Oxford University Press, c2007
Θέματα:
Ετικέτες: Προσθήκη ετικέτας
Δεν υπάρχουν, Καταχωρήστε ετικέτα πρώτοι!

MARC

LEADER 00000nam a2200000 i 4500
001 1/49765
008 070731s2007 eng d
020 |a 978-0-19-857049-3 (pbk) 
020 |a 0-19-857049-X (pbk) 
020 |a 978-0-19-857000-4 
020 |a 0-19-857000-7 
035 |l 10089276 
040 |a GR-MY-UA  |b gre  |e aacr 
041 0 |a eng 
082 0 |a 004.1  |2 (22) 
100 1 |a Kaye, Phillip. 
245 1 3 |a An introduction to quantum computing /  |c Phillip Kaye, Raymond Laflamme, Michele Mosca 
260 |a Oxford :   |b Oxford University Press,   |c c2007 
300 |a xi, 274 σ.;  |b εικ.;  |c 24 εκ. 
504 |a Βιβλιογραφία: σ. 260-269. Ευρετήριο 
650 0 0 |a Quantum computers. 
700 1 |a Laflamme, Raymond. 
700 1 |a Mosca, Michele. 
852 |a INST  |b SAMOS  |e 20070731  |h 004.1 KAY  |p 005300025605  |q 005300025605  |t BK  |y 0 
852 |a INST  |b SYROS  |e 20080418  |h 004.1 KAY  |p 005500006094  |q 005500006094  |t BK  |y 0 
901 |a BIBL5-2008-1 
901 |a BIBL3-2007-2 
909 |a Ε  |b 140627 
909 |a Σ  |b 137107 
922 |a 5ΕΛΗ  |b 200711  |c ΕΠΕΑΕΚ2/ΤΜΣΠΣ  |d ΕΛΕΥΘΕΡΟΥΔΑΚΗΣ 
922 |a 3ΕΛΗ  |b 200707  |c ΕΠΕΑΕΚ2/ΤΜΗΜΑ ΜΑΘΗΜΑΤΙΚΩΝ  |d ΠΑΠΑΣΩΤΗΡΙΟΥ 
970 |a ΣΙΤΖΙΜΗ  |b ΓΙΑΣΕΜΗ  |z 2007/07/31